Security and usability : designing secure systems that people can use
Saved in:
| Other Authors: | , |
|---|---|
| Format: | Book |
| Language: | English |
| Published: |
Beijing :
O'Reilly,
c2005
|
| Series: | Theory in practice series
|
| Subjects: | |
| Tags: |
Add Tag
No Tags, Be the first to tag this record!
|
MARC
| LEADER | 00000cam a2200000 i 4500 | ||
|---|---|---|---|
| 001 | 1/55990 | ||
| 008 | 070925s2005 eng d | ||
| 020 | |a 0-596-00827-9 | ||
| 035 | |l 10091018 | ||
| 040 | |a GR-MY-UA |b gre |e aacr | ||
| 041 | 0 | |a eng | |
| 082 | 0 | |a 005.8 |2 (22) | |
| 245 | 1 | 0 | |a Security and usability : |b designing secure systems that people can use / |c edited by Lorrie Faith Cranor & Simson Garfinkel |
| 260 | |a Beijing : |b O'Reilly, |c c2005 | ||
| 300 | |a xviii, 714 σ.; |b εικ.; |c 23 εκ. | ||
| 490 | 1 | |a Theory in practice | |
| 504 | |a Περιλαμβάνει ευρετήριο | ||
| 650 | 0 | 0 | |a Computer security. |
| 700 | 1 | |a Cranor, Lorrie Faith, |e edtf | |
| 700 | 1 | |a Garfinkel, Simson, |e edt | |
| 830 | 0 | |a Theory in practice series | |
| 852 | |a INST |b SYROS |e 20070925 |h 005.8 SEC |p 005500007115 |q 005500007115 |t BK |y 0 | ||
| 901 | |a BIBL5-2007-3 | ||
| 909 | |a Ε |b 137048 | ||
| 922 | |a 5ΕΛΗ |b 200707 |c ΕΠΕΑΕΚ2/ΤΜΣΠΣ |d ΠΑΠΑΣΩΤΗΡΙΟΥ | ||
| 970 | |a ΚΟΝΤΟΥ |b ΠΑΡΑΣΚΕΥΗ |z 2007/09/25 | ||